• 首页
  • 本馆介绍
  • 公告通知
  • 最新文献
  • 馆藏检索
  • 电子资源
  • 读者导购
  • 参考咨询
  • 我的图书馆
  • 登录
  • 详细信息显示
  • 放入我的书架
  • 预约/预借图书
  • 作者相关作品
  • 分类相关作品
  • 丛书相关作品
  • 出版社相关作品

书目信息

  • 表格格式
  • 工作单格式
  • 卡片格式
题名:
轻松搞定家装水电识图
    
 
作者: 阳鸿钧 编著
分册:  
出版信息: 北京   中国电力出版社  2017.3
页数: 210页
开本: 21cm
丛书名:
单 册:
中图分类: TU82-64
科图分类:
主题词: 住宅--室内装修--给排水系统--识图 , 住宅--室内装修--电路图--识图
电子资源:
ISBN: 978-7-5123-9975-4
000 00868nam0 2200253 450
001 0400004678
005 20171024153228.0
010    @a978-7-5123-9975-4@dCNY49.00
100    @a20170905d2017 em y0chiy50 ea
101 0  @achi
102    @aCN@b110000
105    @aa z 000yy
106    @ar
200 1  @a轻松搞定家装水电识图@9qing song gao ding jia zhuang shui dian shi tu@f阳鸿钧等编著
210    @a北京@c中国电力出版社@d2017.3
215    @a210页@d21cm
300    @a轻轻松松搞定装修 全彩超值精编版
330    @a本书共4章,分别从装饰装修工程识图基础、装饰装修施工图识图、装饰装修电气识图、装饰装修给排水识图等几方面进行了讲述。
606 0  @a住宅@x室内装修@x给排水系统@x识图
606 0  @a住宅@x室内装修@x电路图@x识图
690    @aTU82-64@v5
701  0 @a阳鸿钧@9yang hong jun@4编著
801  0 @aCN@b91MARC@c20171024
905    @b1038795-9@dTU82-64@f5@e1323
    
    轻松搞定家装水电识图/阳鸿钧等编著.-北京:中国电力出版社,2017.3
    210页;21cm
    轻轻松松搞定装修 全彩超值精编版
    
    ISBN 978-7-5123-9975-4:CNY49.00
    本书共4章,分别从装饰装修工程识图基础、装饰装修施工图识图、装饰装修电气识图、装饰装修给排水识图等几方面进行了讲述。
●
相关链接 在E读中查询图书 在五车中查询图书 在当当中查询图书 在豆瓣中查询图书


正题名:轻松搞定家装水电识图     索取号:TU82-64/1323         预约/预借

序号 登录号 条形码 馆藏地/架位号 状态 备注
1 1038795   210387954   第二样本阅览室/ [索取号:TU82-64/1323] 在馆    
2 1038796   210387963   密集书库-生命科学系/ [索取号:TU82-64/1323] 在馆    
3 1038797   210387972   第三借阅区/ [索取号:TU82-64/1323] 在馆    
4 1038798   210387981   第三借阅区/ [索取号:TU82-64/1323] 在馆    
5 1038799   210387990   第三借阅区/ [索取号:TU82-64/1323] 在馆    
唐山师范学院图书馆 欢迎您!
大连网信软件有限公司© 版权所有